000 00808nam a2200217Ia 4500
003 GCL
008 140319s9999 xx 000 0 ara d
040 _aGCL /
_cGCL
082 0 4 _a001.6424
_bم ا
100 1 _aمحمد جمال احمد قبيعة
245 1 0 _aاساسيات استخدام البرنامج بارادوكس فى محيط ويندوز /
_cمحمد جمال احمد قبيعة
260 _a[S.N] :
_bدار الراتب الجامعية ،
_c1994
300 _a579
490 _aسلسلة المبرمج العربى المتطور
_v0
650 0 4 _aالحاسبات الالكترونية
650 0 4 _aويندوز
650 0 4 _aبارادوكس
650 0 4 _aالبرامج الالية
650 0 4 _aالحاسبات الالكترونية - برامج
942 _2ddc
_cBK
999 _c51414
_d51414